00521 a2200169 4500999001900000001000600019003000500025082001400030100003600044245006300080250001200143260004000155300001000195500001800205942003300223952009500256 c325421d32542190348NUST a892.7 ABU aAbul Hassan Mansoor Ahmad99279 aAlif Laila o Laila (Vol-VII)hUrdubAik Hazaar Aik Dastaan aVol-VII aLahorebTahleeqaat Publishersc2011 a243p. aGeneral Books aCAE NUSTcBKk892.7 ABU2ddc 001040708NFICaCAEbCAEd2017-04-03l0o892.7 ABUpCAE86261r2017-04-05w2017-04-05yBK